Loading...
| Science - Biology | 0 | 5 | 1 | 2 | 45 | 77 | 93.40 | 0 | 0 | 5.40 | 12.47 |
| Literature - World | 0 | 4 | 0 | 0 | 40 | 67 | 96.25 | 0 | 0 | 7.51 | 14.51 |
| Fine Arts - Painting and Sculpture | 0 | 4 | 0 | 1 | 40 | 90 | 98.50 | 0 | 0 | 4.20 | 10.20 |
| History - European | 0 | 3 | 0 | 0 | 30 | 50 | 72.00 | 0 | 0 | 8.03 | 8.62 |
| Mythology | 0 | 3 | 0 | 1 | 30 | 58 | 76.33 | 0 | 0 | 8.55 | 10.90 |
| Fine Arts - Classical Music | 0 | 3 | 1 | 0 | 25 | 87 | 97.67 | 0 | 1 | 5.77 | 18.24 |
| Social Science | 0 | 2 | 0 | 0 | 20 | 91 | 94.00 | 0 | 0 | 2.16 | 9.21 |
| Geography | 0 | 2 | 0 | 0 | 20 | 72 | 95.50 | 0 | 0 | 6.91 | 17.18 |
| Literature - British | 0 | 2 | 0 | 0 | 20 | 83 | 98.50 | 0 | 0 | 3.10 | 6.76 |
| Literature - European | 0 | 2 | 0 | 0 | 20 | 84 | 88.00 | 0 | 1 | 4.55 | 9.85 |
| Philosophy | 0 | 2 | 0 | 1 | 20 | 56 | 81.00 | 0 | 0 | 5.43 | 10.42 |
| Popular Culture | 0 | 2 | 0 | 0 | 20 | 77 | 81.50 | 0 | 0 | 7.84 | 13.10 |
| Religion | 0 | 2 | 0 | 0 | 20 | 18 | 51.00 | 0 | 1 | 11.16 | 13.99 |
| Science - Other | 0 | 2 | 0 | 1 | 20 | 89 | 100.00 | 0 | 0 | 1.60 | 2.27 |
| History - American | 0 | 1 | 0 | 0 | 10 | 78 | 78.00 | 0 | 1 | 3.23 | 6.29 |
| Current Events | 0 | 1 | 0 | 1 | 10 | 108 | 108.00 | 0 | 0 | 0.00 | 1.54 |
| History - World | 0 | 1 | 0 | 0 | 10 | 56 | 56.00 | 0 | 0 | 4.24 | 4.20 |
| Literature - American | 0 | 2 | 2 | 0 | 10 | 72 | 103.00 | 0 | 0 | 3.30 | 8.33 |
| Science - Physics | 0 | 1 | 0 | 0 | 10 | 91 | 91.00 | 0 | 0 | 1.57 | 4.55 |
| Fine Arts - Other | 0 | 1 | 0 | 0 | 10 | 105 | 105.00 | 0 | 0 | 0.72 | 2.27 |
| History - Other | 0 | 1 | 0 | 1 | 10 | 110 | 110.00 | 0 | 0 | 0.00 | 1.52 |
| Science - Chemistry | 0 | 0 | 0 | 0 | 0 | 0.00 | 0 | 0 | 0.00 | 0.00 |